Ballon d'Or Top 2 seit 1990 - Statistiken

Allgemein
  • Dieses Quiz wurde 217 mal gespielt
  • Das Durchschnittsergebnis liegt bei 47 aus 70
Antwortstatistiken
Jahr Spieler % Korrekt
2007 (2.) Cristiano Ronaldo
100%
2008 (1.) Cristiano Ronaldo
100%
2009 (2.) Cristiano Ronaldo
100%
2011 (2.) Cristiano Ronaldo
100%
2012 (2.) Cristiano Ronaldo
100%
2013 (1.) Cristiano Ronaldo
100%
2014 (1.) Cristiano Ronaldo
100%
2015 (2.) Cristiano Ronaldo
100%
2016 (1.) Cristiano Ronaldo
100%
2017 (1.) Cristiano Ronaldo
100%
2018 (2.) Cristiano Ronaldo
100%
2008 (2.) Lionel Messi
100%
2009 (1.) Lionel Messi
100%
2010 (1.) Lionel Messi
100%
2011 (1.) Lionel Messi
100%
2012 (1.) Lionel Messi
100%
2013 (2.) Lionel Messi
100%
2014 (2.) Lionel Messi
100%
2015 (1.) Lionel Messi
100%
2016 (2.) Lionel Messi
100%
2017 (2.) Lionel Messi
100%
2019 (1.) Lionel Messi
100%
2021 (1.) Lionel Messi
100%
2023 (1.) Lionel Messi
100%
1996 (2.) Ronaldo
100%
1997 (1.) Ronaldo
100%
2002 (1.) Ronaldo
100%
2018 (1.) Luka Modric
91%
2022 (1.) Karim Benzema
89%
2024 (1.) Rodri
87%
2024 (2.) Vinicius Jr.
85%
2021 (2.) Robert Lewandowski
84%
2005 (1.) Ronaldinho
82%
2023 (2.) Erling Haaland
79%
2007 (1.) Kaka
78%
2006 (1.) Fabio Cannavaro
72%
1998 (1.) Zinedine Zidane
71%
2000 (2.) Zinedine Zidane
71%
2010 (2.) Andres Iniesta
68%
1990 (1.) Lothar Matthäus
65%
1991 (2.) Lothar Matthäus
65%
2019 (2.) Virgil van Dijk
65%
1996 (1.) Matthias Sammer
60%
1999 (1.) Rivaldo
60%
2003 (2.) Thierry Henry
57%
2000 (1.) Luis Figo
51%
1992 (1.) Marco van Basten
51%
2003 (1.) Pavel Nedved
51%
2001 (1.) Michael Owen
47%
2004 (1.) Andrij Shevchenko
45%
2006 (2.) Gianluigi Buffon
42%
1995 (1.) George Weah
40%
1999 (2.) David Beckham
36%
1993 (1.) Roberto Baggio
32%
1994 (2.) Roberto Baggio
32%
2022 (2.) Sadio Mane
31%
2002 (2.) Roberto Carlos
29%
2005 (2.) Frank Lampard
22%
2001 (2.) Raul
22%
1992 (2.) Hristo Stoichkov
20%
1994 (1.) Hristo Stoichkov
20%
1991 (1.) Jean-Pierre Papin
18%
1993 (2.) Dennis Bergkamp
16%
1995 (2.) Jürgen Klinsmann
16%
2004 (2.) Deco
12%
1998 (2.) Davor Suker
10%
1991 (2.) Dejan Savicevic
4%
1991 (2.) Darko Pancev
2%
1997 (2.) Predrag Mijatovic
2%
1990 (2.) Salvatore Schillaci
2%
Keine übereinstimmenden Quizze gefunden
Verteilung der Resultate
Anzahl Personen mit jedem Resultat
Perzentil nach korrekt beantworteten Fragen
Ihre Resultats-Entwicklung
Sie haben dieses Quiz noch nicht gespielt